Resultados electorales definitivos: ¿victorias pírricas?
Guardado en:
| Format: | Texto |
|---|---|
| Fag: | |
| Tags: |
Tilføj Tag
Ingen Tags, Vær først til at tagge denne postø!
|
MARC
| LEADER | 00000 a a2200000 04500 | ||
|---|---|---|---|
| 001 | 6651 | ||
| 003 | |||
| 040 | |||
| 245 | |a Resultados electorales definitivos: |b ¿victorias pírricas? | ||
| 650 | |a ELECCIONES | ||
| 650 | |a EL SALVADOR | ||
| 773 | |g volumen 23, número 1043; páginas 7-8 | ||
| 999 | |c 26473 |d 26473 | ||
